000 01084cam a2200325Ia 4500
999 _c6081
_d6081
001 40429832
003 OCoLC
005 20190111181613.0
008 981202s1975 miu bd 000 0 eng d
020 _a0310265703
020 _a9780310265702
035 _a(OCoLC)40429832
040 _aPBE
_cPBE
_dOCL
_dOCLCQ
_dOCLCG
_dBSC
082 _a220.7
_bH521C
092 _a220.7
_bJ32c, 1982
100 1 _aJamieson, Robert,
_d1802-1880.
245 1 0 _aCommentary, practical and explanatory, on the whole Bible /
_cRobert Jamieson, A.R. Fausset, David Brown.
246 1 8 _aCommentary on the whole Bible
250 _a[New clear type ed.]
260 _aGrand Rapids, Mich. :
_bZondervan,
_c1982.
300 _a1591 p. ;
_c24 cm.
500 _aNineteenth printing 1982.
500 _aSpine title: Commentary on the whole Bible.
504 _aIncludes bibliographical references.
630 0 0 _aBible
_vCommentaries.
630 0 0 _aBible
_xGeography
_vDictionaries.
700 1 _aFausset, A. R.
_q(Andrew Robert),
_d1821-1910.
700 1 _aBrown, David,
_d1803-1897.
942 _2ddc
_cREF